01416nam a2200217 a 4500008004100000050002300041110006600064245010100130260004700231300002000278350000900298650001100307650003200318995015500350995013800505995015400643999001700797952012900814952012700943952012801070120416s1977 ||||||||||||||||| || u aGOV.ZAM(02)1977/2A aGovernment of the Republic of Zambia. Office of the President10aBack to the land through rural reconstruction centrescOffice of the President. Defence Division aLusaka:bZambia Information Servicesc1977 aiv, 32p. : ill. a0.00 aZAMBIA aAGRICULTURAL POLICY--ZAMBIA aSPECIAL COLLECTIONSD0.00e03003206FCBU-MAIN LIBRARY (Kitwe)H1I0.00jGOV.ZAM(02)1977/3CM3UAVAILABLEWNov 24, 2008yZ03003206ZZambiana Collection aSPECIAL COLLECTIONSD0.00e9000562FCBU-MAIN LIBRARY (Kitwe)H1I0.00jGOV.ZAM(02)1977/3AM1UAVAILABLEy9000562ZZambiana Collection aSPECIAL COLLECTIONSD0.00e03003205FCBU-MAIN LIBRARY (Kitwe)H1I0.00jGOV.ZAM(02)1977/3BM2UAVAILABLEWNov 24, 2008y03003205ZZambiana Collection c84487d84487 00102lcc4070a001b001cZambiana Collectiond2024-01-25l0oGOV.ZAM(02)1977/3CpZ03003206r2024-01-25t1w2024-01-25y023 00102lcc4070a001b001cZambiana Collectiond2024-01-25l0oGOV.ZAM(02)1977/3Ap9000562r2024-01-25t2w2024-01-25y023 00102lcc4070a001b001cZambiana Collectiond2024-01-25l0oGOV.ZAM(02)1977/3Bp03003205r2024-01-25t3w2024-01-25y023